00508 2200169 4500245007600000020001800076250001000094100002200104650002900126005001900155260003000174041001400204084001100218500008100229490001900310336000900329 aAtlas Al-Quran (Jejak Rasulullah SAW) Volume BcSYAUQI ABU KHALILhText a979-99479-7-9 aCet.1 aSYAUQI ABU KHALIL aEnsiklopedia Agama Islam a20231124140649 aJakartabPT Kharisma Ilmu aIndonesia a297.03 aDaftar Isi : Umm Al-Qura, Mekkah Al-Mukarramah, Dua Pembesar Dari Dua Negeri aAtlas Al-Quran atext